Business and trade in Islam.
| Format: | Book |
|---|---|
| Published: |
New Delhi:
Pentagon Press,
2010.
|
| Subjects: |
| LEADER | 00505cam a2200157 7i4500 | ||
|---|---|---|---|
| 001 | 0000027438 | ||
| 005 | 20120305090000.0 | ||
| 020 | 0 | 0 | |a 9788182743724 |
| 090 | 0 | 0 | |a B 297.273 |b BUS |
| 245 | 0 | 0 | |a Business and trade in Islam. |
| 260 | 0 | 0 | |a New Delhi: |b Pentagon Press, |c 2010. |
| 300 | # | # | |a 361 p. |
| 650 | 0 | 0 | |a Islam -- |x Economic aspects |
| 650 | 0 | 0 | |a Business -- |x Religious aspects -- |x Islam |
| 650 | 0 | 0 | |a Economics -- |x Religions aspects -- |x Islam |
| 999 | |a B000030063 |b Book |c International |e Business Information Centre | ||


